Svetový obchod dosiahol v roku 1994 rekordnú úroveň
Informácia Svetovej obchodnej organizácie (WTO) o svetovom obchode v roku 1994. Rekordný ročný prírastok svetového obchodu v r. 1994 (najvyšší za posledných 20 rokov). Obchod so službami, obchod s tovarom. Očakávané oživenie západoeurópskeho hospodárstva - predpoklad pokračovania rastu svetového obc...
Gespeichert in:
| Format: | Buchkapitel |
|---|---|
| Sprache: | Slowakisch |
| Schlagworte: | |
| Tags: |
Keine Tags, Fügen Sie das erste Tag hinzu!
|
MARC
| LEADER | 00000naa a2200000 4500 | ||
|---|---|---|---|
| 001 | r019127 | ||
| 005 | 20221213101125.4 | ||
| 041 | 0 | |a slo | |
| 044 | |a SK | ||
| 245 | 1 | 0 | |a Svetový obchod dosiahol v roku 1994 rekordnú úroveň |
| 520 | |a Informácia Svetovej obchodnej organizácie (WTO) o svetovom obchode v roku 1994. Rekordný ročný prírastok svetového obchodu v r. 1994 (najvyšší za posledných 20 rokov). Obchod so službami, obchod s tovarom. Očakávané oživenie západoeurópskeho hospodárstva - predpoklad pokračovania rastu svetového obchodu aj v roku 1995 (miernejšie tempo rastu ako v r. 1994). | ||
| 610 | 2 | 0 | |a obchod svetový |
| 610 | 2 | 0 | |a Svetová obchodná organizácia |
| 610 | 2 | 0 | |a tovar |
| 610 | 2 | 0 | |a služby |
| 610 | 2 | 0 | |a 1994 |
| 610 | 2 | 0 | |a 1995 |
| 610 | 2 | 0 | |a oživenie |